| 000 | 00640nam a2200181 a 4500 | ||
|---|---|---|---|
| 003 | Biblioteca Akishino | ||
| 005 | 20250527175704.0 | ||
| 008 | s2009 ja o|||| |||| 00| 0 jpn d | ||
| 020 | _a9784834024487 | ||
| 040 |
_aBiblioteca Su Alteza Imperial Príncipe Akishino _eAACR2 |
||
| 041 | 0 | _hjpn | |
| 082 | 0 |
_a759.0671 _bOT88 2009 |
|
| 100 |
_aŌtsuki, Hiroko _91479 |
||
| 245 | 1 | 0 |
_aコレでなにする? : _bおどろき・おえかき [Kore de nanisuru : Odoroki oekaki] / _c大月ヒロ子 [Ōtsuki Hiroko] 構成・文 [Kōsei bun]. |
| 260 |
_aTōkyō : _bFukuinkanshoten, _c2009. |
||
| 650 | 0 |
_aArte pop _9803 |
|
| 942 |
_2ddc _cGRAL |
||
| 999 |
_c771 _d771 |
||